<?xml version="1.0" encoding="UTF-8"?>
<record
    xmlns:xsi="http://www.w3.org/2001/XMLSchema-instance"
    xsi:schemaLocation="http://www.loc.gov/MARC21/slim http://www.loc.gov/standards/marcxml/schema/MARC21slim.xsd"
    xmlns="http://www.loc.gov/MARC21/slim">

  <leader>00789na  a2200253   4500</leader>
  <controlfield tag="001">22870</controlfield>
  <controlfield tag="003">MIRAKIL</controlfield>
  <controlfield tag="005">20181213155249.0</controlfield>
  <controlfield tag="008">170228b        tu            000 0      </controlfield>
  <datafield tag="035" ind1=" " ind2=" ">
    <subfield code="a">17652</subfield>
  </datafield>
  <datafield tag="040" ind1=" " ind2=" ">
    <subfield code="a">Milas</subfield>
    <subfield code="b">tur</subfield>
    <subfield code="c">TR-AnCHP</subfield>
  </datafield>
  <datafield tag="041" ind1=" " ind2=" ">
    <subfield code="a">tur</subfield>
  </datafield>
  <datafield tag="082" ind1=" " ind2=" ">
    <subfield code="a">351.77256</subfield>
    <subfield code="b">&#x15E;23i 2008</subfield>
  </datafield>
  <datafield tag="090" ind1=" " ind2=" ">
    <subfield code="a">351.77256 &#x15E;23i 2008</subfield>
  </datafield>
  <datafield tag="100" ind1=" " ind2=" ">
    <subfield code="a">&#x15E;ahin, Mehmet Ali</subfield>
  </datafield>
  <datafield tag="245" ind1=" " ind2=" ">
    <subfield code="a">2009 y&#x131;l&#x131; b&#xFC;t&#xE7;e sunu&#x15F; konu&#x15F;mas&#x131;</subfield>
    <subfield code="b">(TBMM Plan ve B&#xFC;t&#xE7;e Komisyonu)</subfield>
    <subfield code="c">Mehmet Ali &#x15E;ahin</subfield>
  </datafield>
  <datafield tag="246" ind1=" " ind2=" ">
    <subfield code="a">TBMM Plan ve B&#xFC;t&#xE7;e Komisyonu</subfield>
  </datafield>
  <datafield tag="260" ind1=" " ind2=" ">
    <subfield code="a">Ankara</subfield>
    <subfield code="b">Maliye Bakanl&#x131;&#x11F;&#x131;</subfield>
    <subfield code="c">2008</subfield>
  </datafield>
  <datafield tag="300" ind1=" " ind2=" ">
    <subfield code="a">47 s.</subfield>
    <subfield code="c">24 sm.</subfield>
  </datafield>
  <datafield tag="610" ind1=" " ind2=" ">
    <subfield code="a">Maliye Bakanl&#x131;&#x11F;&#x131;</subfield>
    <subfield code="x">Konu&#x15F;malar, 2008</subfield>
    <subfield code="y">B&#xFC;t&#xE7;e</subfield>
  </datafield>
  <datafield tag="610" ind1=" " ind2=" ">
    <subfield code="a">Maliye Bakanl&#x131;&#x11F;&#x131;</subfield>
    <subfield code="x">B&#xFC;t&#xE7;e g&#xF6;r&#xFC;&#x15F;meleri</subfield>
  </datafield>
  <datafield tag="650" ind1=" " ind2=" ">
    <subfield code="a">TBMM</subfield>
    <subfield code="x">Meclis konu&#x15F;malar&#x131;</subfield>
  </datafield>
  <datafield tag="942" ind1=" " ind2=" ">
    <subfield code="2">ddc</subfield>
    <subfield code="c">BKS</subfield>
  </datafield>
  <datafield tag="952" ind1=" " ind2=" ">
    <subfield code="5">1</subfield>
    <subfield code="a">0001</subfield>
    <subfield code="b">0001</subfield>
    <subfield code="d">2017-02-28</subfield>
    <subfield code="e">2</subfield>
    <subfield code="l">0</subfield>
    <subfield code="o">351.77256 &#x15E;23i 2008</subfield>
    <subfield code="p">016775</subfield>
    <subfield code="r">2017-02-28 00:00:00</subfield>
    <subfield code="v">0.00</subfield>
    <subfield code="w">2017-02-28</subfield>
    <subfield code="y">BKS</subfield>
  </datafield>
  <datafield tag="999" ind1=" " ind2=" ">
    <subfield code="c">9509</subfield>
    <subfield code="d">9509</subfield>
  </datafield>
</record>
